Trắc nghiệm lịch sử đảng cộng sản Việt Nam
Sách tập hợp một lượng kiến thức bao quát về lịch sử Đảng Cộng sản Việt Nam được trình bày dưới dạng trắc nghiệm.
Сохранить в:
| Главный автор: | |
|---|---|
| Формат: | |
| Язык: | Undetermined |
| Опубликовано: |
Hà Nội
Quân đội Nhân dân
2011
|
| Предметы: | |
| Метки: |
Добавить метку
Нет меток, Требуется 1-ая метка записи!
|
| Thư viện lưu trữ: | Trung tâm Học liệu Trường Đại học Cần Thơ |
|---|
| LEADER | 00874nam a2200229Ia 4500 | ||
|---|---|---|---|
| 001 | CTU_175663 | ||
| 008 | 210402s9999 xx 000 0 und d | ||
| 020 | |c 24000 | ||
| 082 | |a 324.2597075 | ||
| 082 | |b B100 | ||
| 100 | |a Trần, Đình Ba | ||
| 245 | 0 | |a Trắc nghiệm lịch sử đảng cộng sản Việt Nam | |
| 245 | 0 | |c Trần Đình Ba | |
| 260 | |a Hà Nội | ||
| 260 | |b Quân đội Nhân dân | ||
| 260 | |c 2011 | ||
| 520 | |a Sách tập hợp một lượng kiến thức bao quát về lịch sử Đảng Cộng sản Việt Nam được trình bày dưới dạng trắc nghiệm. | ||
| 650 | |a Communist parties,Lịch sử Đảng Cộng sản Việt Nam | ||
| 650 | |x History | ||
| 650 | |z Vietnam | ||
| 904 | |i Hải | ||
| 980 | |a Trung tâm Học liệu Trường Đại học Cần Thơ | ||